000 00295nam a2200121Ia 4500
005 20251222144838.0
008 251222s9999||||xx |||||||||||||| ||spa||
082 _a272.08/B61/T.I
100 _aBlanco García, Vicente
245 0 _aSantos Padres Españoles
264 _bCatólica
942 _cLIB
999 _c21107
_d21107